| 000 | 00530nam a22001937a 4500 | ||
|---|---|---|---|
| 999 |
_c5521 _d5521 |
||
| 003 | GBCCL | ||
| 005 | 20241126110544.0 | ||
| 008 | 180326b ||||| |||| 00| 0 eng d | ||
| 020 | _a0862011345 | ||
| 040 | _cgbc | ||
| 082 |
_a220.7 _bBIB |
||
| 100 |
_aBridger, Gordon _99962 |
||
| 245 |
_a1 Corinthians - Galatians / _cGordon Bridger |
||
| 260 |
_aLondon: _bScripture Union, _c1985 |
||
| 300 |
_a94 p.; _c21 cm. |
||
| 440 |
_aBible Study Commentary _97334 |
||
| 650 |
_aBible _v1 Corinthians _xGalatians _99963 |
||
| 942 |
_2ddc _cBK _04 |
||